Loading...
| Literature - Drama | 1 | 1 | 0 | 0 | 25 | 87 | 108.00 | 0 | 1 | 8.55 | 14.29 |
| Literature - Poetry | 1 | 1 | 1 | 0 | 20 | 85 | 99.00 | 0 | 1 | 6.93 | 12.86 |
| Mythology | 1 | 0 | 0 | 0 | 15 | 70 | 70.00 | 1 | 1 | 7.75 | 12.24 |
| Religion | 1 | 0 | 0 | 0 | 15 | 58 | 58.00 | 1 | 1 | 7.05 | 12.50 |
| History - European | 1 | 0 | 0 | 0 | 15 | 57 | 57.00 | 1 | 1 | 6.07 | 10.00 |
| Social Science | 0 | 1 | 0 | 0 | 10 | 88 | 88.00 | 0 | 1 | 2.51 | 4.76 |
| Fine Arts - Other | 0 | 1 | 0 | 0 | 10 | 114 | 114.00 | 0 | 1 | 1.28 | 3.81 |
| Literature - Misc | 0 | 1 | 0 | 0 | 10 | 123 | 123.00 | 0 | 0 | 19.08 | 14.29 |
| Literature - Short Fiction | 0 | 1 | 0 | 0 | 10 | 134 | 134.00 | 0 | 0 | 8.90 | 14.29 |
| Science - Chemistry | 0 | 1 | 0 | 0 | 10 | 92 | 92.00 | 0 | 1 | 3.03 | 7.14 |
| Science - Other | 0 | 1 | 0 | 0 | 10 | 82 | 82.00 | 1 | 1 | 3.70 | 11.11 |
| Short Fiction and Other | 0 | 1 | 0 | 0 | 10 | 114 | 114.00 | 0 | 1 | 3.57 | 10.20 |
| Fine Arts - Painting and Sculpture | 0 | 1 | 1 | 0 | 5 | 93 | 93.00 | 0 | 0 | 3.96 | 4.29 |
| Fine Arts - Classical Music | 0 | 1 | 1 | 0 | 5 | 110 | 110.00 | 0 | 0 | 2.99 | 4.29 |
| Literature - Long Fiction | 0 | 0 | 1 | 0 | -5 | 0.00 | 0 | 0 | 0.00 | 0.00 |